Obehové hospodárstvo ako nástroj dosahovania udržateľnej výroby a spotreby

Salvato in:
Dettagli Bibliografici
Autore principale: Andrejovský, Pavol, 1975-
Altri autori: Lacko, Roman, 1988-
Natura: Capitolo di libro
Lingua:slovacco
Tags: Aggiungi Tag
Nessun Tag, puoi essere il primo ad aggiungerne!!

MARC

LEADER 00000naa$a2200000$$$4500
001 0261449
005 20240502074146.1
041 0 |a slo 
044 |a SK 
245 1 0 |a Obehové hospodárstvo ako nástroj dosahovania udržateľnej výroby a spotreby  |c Pavol Andrejovský, Roman Lacko 
500 |a Abstrakt 
100 1 |a Andrejovský, Pavol, 1975- 
700 1 |a Lacko, Roman, 1988-